Steel in marine structures : proceedings of the 3rd International ECSC Offshore Conference on Steel in Marine Structures (SIMS '87), Delft, The Netherlands, June 15-18, 1987 /

Bibliographic Details
Corporate Authors: International ECSC Offshore Conference on Steel in Marine Structures Delft, Netherlands, European Coal and Steel Community
Other Authors: Noordhoek, C., 1942-, Back, J. de, 1924-
Format: Conference Proceeding Book
Language:English
Published: Amsterdam ; New York : Elsevier ; 1987.
Series:Developments in marine technology ; 3.
Subjects:

MARC

Tag First Indicator Second Indicator Subfields
LEADER 00000cam a2200000 a 4500
001 in00000014255
005 20151007052155.0
008 870429s1987 nyua b 10110 eng
010 |a  87013443  
020 |a 0444428054 :  |c fl 525.00 (est.) 
035 |a (OCoLC)15856079 
035 |9 AAA6617AM 
040 |a DLC  |c DLC  |d TXA  |d UtOrBLW 
049 |a TXAM  |c [A11047541] 
050 0 0 |a TC1665  |b .I576 1987 
082 0 |a 627/.98  |2 19 
111 2 |a International ECSC Offshore Conference on Steel in Marine Structures  |n (3rd :  |d 1987 :  |c Delft, Netherlands) 
245 1 0 |a Steel in marine structures :  |b proceedings of the 3rd International ECSC Offshore Conference on Steel in Marine Structures (SIMS '87), Delft, The Netherlands, June 15-18, 1987 /  |c edited by C. Noordhoek and J. de Back. 
264 1 |a Amsterdam ;  |a New York :  |b Elsevier ;  |c 1987. 
264 2 |a New York, N.Y., U.S.A. :  |b Distributors for the U.S. and Canada, Elsevier Science Pub. Co., 
300 |a xx, 953 pages :  |b illustrations ;  |c 27 cm. 
336 |a text  |b txt  |2 rdacontent 
337 |a unmediated  |b n  |2 rdamedia 
338 |a volume  |b nc  |2 rdacarrier 
490 1 |a Developments in marine technology ;  |v 3 
504 |a Includes bibliographies and index. 
650 0 |a Offshore structures  |x Joints  |x Congresses. 
650 0 |a Steel, Structural  |x Welding  |x Congresses. 
650 0 |a Steel, Structural  |x Fatigue  |x Congresses. 
650 0 |a Welded joints  |v Congresses. 
700 1 |a Noordhoek, C.,  |d 1942- 
700 1 |a Back, J. de,  |d 1924- 
710 2 |a European Coal and Steel Community. 
830 0 |a Developments in marine technology ;  |v 3. 
999 |a MARS 
999 f f |s f9b55287-8a7f-3ab5-8ae5-ce510f42c799  |i 2d5de767-e294-3164-8084-492551ec4abc  |t 0 
952 f f |p ric  |a Texas A&M University  |b Rellis Campus  |c Joint Library Facility  |d Remote Storage  |t 0  |e TC1665 .I576 1987  |h Library of Congress classification  |i unmediated -- volume  |m A14811047541 
998 f f |a TC1665 .I576 1987  |t 0  |l Remote Storage